[Event "Lisbon Portugal rapid op"]
[Site "Lisbon"]
[Date "2022.09.04"]
[Round "10"]
[White "Zhang, Xin An"]
[Black "Alboredo, Julia"]
[Result "0-1"]
[WhiteElo "1656"]
[BlackElo "2263"]
[PlyCount "116"]
[EventDate "2022.09.03"]
[EventType "swiss (rapid)"]
[EventRounds "11"]
[EventCountry "POR"]
[SourceTitle "CBM 210 Extra"]
[Source "ChessBase"]
[SourceDate "2022.11.30"]
[SourceVersion "1"]
[SourceVersionDate "2022.11.30"]
[SourceQuality "1"]

1. d4 Nf6 2. Nf3 g6 3. Nc3 d5 4. Bf4 Bg7 5. Nb5 Na6 6. e3 c6 7. Nc3 0-0 8. Bxa6 bxa6 9. 0-0 Bf5 10. Ne5 Rc8 11. Na4 Nh5 12. Nc5 Nxf4 13. exf4 f6 14. g4 fxe5 15. gxf5 Rxf5 16. fxe5 e6 17. Nxe6 Qh4 18. Nxg7 Kxg7 19. f4 Rcf8 20. Qe2 Rxf4 21. Rxf4 Rxf4 22. c3 Qg5+ 23. Kh1 Qf5 24. Kg1 c5 25. Rf1 cxd4 26. cxd4 Qg4+ 27. Qxg4 Rxg4+ 28. Kf2 Rxd4 29. Re1 Kf7 30. Re2 Ke6 31. Kf3 Rh4 32. a3 g5 33. b4 Rf4+ 34. Kg3 Re4 35. Rc2 Kxe5 36. Rc7 h5 37. Rxa7 Re3+ 38. Kg2 Rxa3 39. b5 g4 40. Rxa6 Rb3 41. b6 h4 42. Ra4 Rb2+ 43. Kg1 Kf5 44. Ra5 Ke4 45. Ra4+ d4 46. Ra3 Rxb6 47. Ra8 Rg6 48. Re8+ Kd3 49. Kg2 Kc3 50. Rc8+ Kd2 51. Rh8 h3+ 52. Kg3 d3 53. Rd8 Ke2 54. Re8+ Kd1 55. Rd8 d2 56. Rd4 Kc2 57. Rc4+ Kd3 58. Rc8 d1Q 0-1